Movies Quiz

Random Movies or Actor Quiz

That Movie Was Terrible... Quiz Stats

Quiz Updated Sep 30, 2014

Challenge
Share
Tweet
Embed
Score 0/18 Timer 07:00
0 Plays Today
Actor, Quote Movie % Correct
Halle Berry*: 'I want to thank Warner Brothers for casting me in this piece of ****.'Catwoman
87%
Shia LaBoeuf: 'It became too big, and I think you lost the anchor of the movie... Then it’s just a bunch of robots fighting each other.'Transformers: Revenge of the Fallen
63.1%
Katherine Heigl: 'It paints the women as shrews, as humorless and uptight, and it paints the men as lovable, goofy, fun-loving guys.'Knocked Up
45.3%
Will Smith: 'Hopefully, other than [title], it's not the worst movie you've ever seen. I made a mistake on [title]. That could have been better.'Wild Wild West
37.9%
Mark Wahlberg: 'It is what it is. F***ing trees, man. The plants. F*** it. You can’t blame me for wanting to try to play a science teacher.'The Happening
33.8%
Chris Cooper: 'Then as time went on, I think it got further and further away from historical fact, and became more of a vigilante film. And that was a slight disappointment.'The Patriot
29.2%
Colin Farrell: 'I thought it was style over substance and I accept a good bit of the responsibility.. It was never going to be Lethal Weapon, but I think we missed an opportunity.'Miami Vice
27%
Christian Bale: 'At 17, you want to be taken very seriously — you don't want to be doing a musical.'Newsies
25.7%
Charlize Theron: 'That was a bad, bad, bad movie. But I got to work with John Frankenheimer. I wasn’t lying to myself—that’s why I did it.'Reindeer Games
17.3%
Actor, Quote Movie % Correct
Sandra Bullock*: 'If you had seen the film with your eyes, it's pretty much a film about a woman stalking a man.. That doesn't really set up the premise for a loving couple.'All About Steve
16.5%
Eddie Murphy: 'I know two or three people that liked this movie.' The Adventures of Pluto Nash
15.6%
Sam Worthington: 'I gotta be a bit better when I’m looking through my scripts!'Terminator: Salvation
13.2%
Brad Pitt: 'It was the most irresponsible bit of filmmaking - if you can even call it that - that I've ever seen. I couldn't believe it.'The Devil's Own
12.2%
Michael Caine: 'I have never seen the film, but by all accounts it was terrible. However, I have seen the house that it built, and it is terrific.'Jaws: The Revenge
11.6%
Arnold Schwarzenegger: 'It’s the worst film I have ever made. Now, when my kids get out of line, they’re sent to their room and forced to watch [title] 10 times.'Red Sonja
11.4%
Sylvester Stallone: 'The worst film I’ve ever made by far… maybe one of the worst films in the entire solar system, including alien productions we’ve never seen…'Stop! Or My Mom Will Shoot!
7.8%
Nicole Kidman: 'I can’t look at this movie and be proud of what I’ve done... It's just impossible for me to connect to it emotionally.'Australia
7.2%
Jeremy Irons: 'Are you kidding? I'd just bought a castle, I had to pay for it somehow!'Dungeons and Dragons
4.9%

You're not logged in!

Compare scores with friends on all Sporcle quizzes.
Sign Up with Email
OR
Log In

You Might Also Like...

Show Comments

Extras

Top Quizzes Today


Score Distribution

Your Account Isn't Verified!

In order to create a playlist on Sporcle, you need to verify the email address you used during registration. Go to your Sporcle Settings to finish the process.